000 00422nam a22001577a 4500
003 OSt
005 20221005154130.0
008 221005b |||||||| |||| 00| 0 eng d
040 _cBiblioteca Lado V
082 _a708
_bSO711k
100 _959
_aSood, Pooja
_eeditor
245 _aKHOJ/
260 _aNew Delhi
_bInstant Printers
_c1999
300 _a64p.
_c16x21cm
942 _2ddc
_c1
_h708
_iSO711k
_n0
999 _c2171
_d2171